On silent wings ; adventures in motorless flight.

Bibliographic Details
Main Author: Dwiggins, Don
Format: Book
Language:English
Published: New York : Grosset & Dunlap, [1970]
Series:Adventures in flight
Subjects:

MARC

Tag First Indicator Second Indicator Subfields
LEADER 00000cam a2200000 4500
001 in00000096733
005 20150925090316.0
008 701201s1970 nyuabcd 00100 eng
010 |a  76122569  
035 |a (OCoLC)00101914 
035 |9 AAL2446AM 
037 |c $4.99 
040 |a DLC  |c DLC  |d TXA  |d UtOrBLW 
049 |a TXAM  |c [534138] 
050 0 0 |a TL760  |b .D95 1970 
082 0 |a 629.132/52 
100 1 |a Dwiggins, Don. 
245 1 0 |a On silent wings ;  |b adventures in motorless flight. 
264 1 |a New York :  |b Grosset & Dunlap,  |c [1970] 
300 |a 151 pages :  |b illustrations, charts, maps, portraits ;  |c 25 cm. 
336 |a text  |b txt  |2 rdacontent 
337 |a unmediated  |b n  |2 rdamedia 
338 |a volume  |b nc  |2 rdacarrier 
490 0 |a Adventures in flight 
650 0 |a Gliding and soaring. 
999 |a MARS 
999 f f |s 4c9acbcb-e6c0-3879-aa6d-f85757579959  |i 03cd5cc4-c0bc-38ed-a41e-df272ff0e2cd  |t 0 
952 f f |p ric  |a Texas A&M University  |b Rellis Campus  |c Joint Library Facility  |d Remote Storage  |t 0  |e TL760 .D95 1970  |h Library of Congress classification  |i unmediated -- volume  |m A14805552936 
998 f f |a TL760 .D95 1970  |t 0  |l Remote Storage